000 00640nam a22002177a 4500
003 UA-OsUOA
001 124422
007 ta
008 20170810b un ||||| |||| 00| 0 ukr d
100 _aВахтель А.
090 _a101
_bВ22
942 _cSA
040 _aUA-OsUOA
_bukr
_cUA-OsUOA
_dUA-OsUOA
245 _aСвідомий досвід та антиредукціонізм у філософії Девіда Чалмерса
300 _aС.41-57
955 _a0
041 _aukr
080 _a101
773 0 _w124420
_tФілософська думка
_dК.
_d2017
_g3
650 7 _a1 Філософські науки
_2UDC
999 _c411568
_d411568